000 00830aam a2200277 4500
005 20161121121916.0
008 150226b xxu||||| |||| 00| 0 eng d
041 _aSPA
082 _a3.27 C322c
245 _aLa carta de la Tierra en acción: hacia un mundo sostenible
260 _aCosta Rica
_bGRAFO
_c2006
300 _a191 páginas
650 _aDESARROLLO SOSTENIBLE
_91111
650 _aDESARROLLO SOCIAL
_97725
650 _aECOPEDAGOGÍA
_928804
650 _aPAÍSES EN DESARROLLO
_927628
650 _aJUSTICIA ECONÓMICA
_928805
650 _aEDUCACIÓN AMBIENTAL
_92468
650 _aINTEGRIDAD ECOLÓGICA
_928806
650 _aRESPETO A LA VIDA
_928807
650 _aECOLOGÍA
_91139
650 _aJUSTICIA SOCIAL
_928808
650 _aDEMOCRACIA
_91100
650 _aCARTA DE LA TIERRA
_96959
942 _cBK
999 _c3398
_d3398